| 000 | 00694cam a2200265 4500 | ||
|---|---|---|---|
| 001 | J3760 | ||
| 008 | 090401t1996 xxu||||| |||| 00| 0 eng d | ||
| 035 | _a(Sirsi) u56848 | ||
| 041 | _aeng | ||
| 050 | _a333.33709421 | ||
| 110 |
_aChesterton _92357 |
||
| 245 | _aQuarterly bulletin: Central London offices: West End. - First quarter 1996 - Fourth quarter 1996 | ||
| 260 |
_aLondon _bChesterton _c1996 |
||
| 300 | _a4 pt. ; 30cm. | ||
| 350 | _a20 | ||
| 650 | _aCITY OF LONDON | ||
| 650 | _aOFFICES | ||
| 650 | _aRENT | ||
| 650 | _aWEST END OF LONDON | ||
| 650 | _aWESTMINSTER | ||
| 650 | _aYIELDS | ||
| 690 | _aPROPERTY-COMMERCIAL PROPERTY | ||
| 942 | _n0 | ||
| 948 | _c04/03/1997 | ||
| 999 |
_c93838 _d93838 |
||